Management of track renewal works on railway: applicability of management and operation research techniques (Record no. 501508)

000 -LEADER
fixed length control field 00527cam a22001457a 4500
008 - FIXED-LENGTH DATA ELEMENTS--GENERAL INFORMATION
fixed length control field 180718b1989 xxu||||| |||| 00| 0 eng d
082 ## - DEWEY DECIMAL CLASSIFICATION NUMBER
Classification number APPPA 88-89 RAN
100 ## - MAIN ENTRY--PERSONAL NAME
Personal name Rana, I.I.M.S.
245 ## - TITLE STATEMENT
Title Management of track renewal works on railway: applicability of management and operation research techniques
Statement of responsibility, etc. by I.I.M.S. Rana
260 ## - PUBLICATION, DISTRIBUTION, ETC.
Place of publication, distribution, etc. New Delhi
Name of publisher, distributor, etc. Indian Institute of Public Administration
Date of publication, distribution, etc. 1989
300 ## - PHYSICAL DESCRIPTION
Extent 84p.
650 ## - SUBJECT ADDED ENTRY--TOPICAL TERM
Topical term or geographic name entry element Operation research techniques
650 ## - SUBJECT ADDED ENTRY--TOPICAL TERM
Topical term or geographic name entry element Railway track renewal works
650 ## - SUBJECT ADDED ENTRY--TOPICAL TERM
Topical term or geographic name entry element Management
Holdings
Withdrawn status Lost status Damaged status Not for loan Permanent Location Current Location Date acquired Full call number Barcode Date last seen Price effective from Koha item type
        Indian Institute of Public Administration Indian Institute of Public Administration 2018-08-04 APPPA 88-89 RAN GR12191 2018-08-04 2018-08-04 GR

Powered by Koha